00750nam a22002057a 450000500170000001000140001702000260003103500130005703700130007008200120008310000330009524500870012826000470021527000440026230000250030665000330033194200260036499900170039095201370040720100812150650.0 aENG-99995 a9788170072102c100.00 aEN-83527 bDBAD/PUB a320.954 aDeshpande, Bhagwanrao911889 aAccountability of judiciary under constitution of India /cby Bhagwanrao Deshpande aNew DelhibPeople's Publishing Housec2009 a5E, Rani Jhansi RoadbNew Delhie110055 avi,152p.c22cm (pbk) aConstitutionalzIndia911890 2ddccENh320.954mDES c41404d41404 001040718NFICaDBADbDBADd2010-08-12eDBAD/PUBg100.00l0o320.954 DESpEN-83527r2010-08-12 00:00:00t1v100.00w2010-08-12yEN